Multivariate models and dependence concepts

Guardado en:
Detalles Bibliográficos
Autor principal: Joe, Harry (Autor)
Formato: Libro
Lenguaje:inglés
Publicado: Boca Raton : Chapman & Hall/CRC, 2001
Etiquetas: Agregar Etiqueta
Sin Etiquetas, Sea el primero en etiquetar este registro!

MARC

LEADER 00000nam a22000003a 4500
001 stu276683
005 20150617230234.9
008 131023s--------xxu-----------------eng-d
020 |a 0-412-07331-5 
040 |a STU  |b slo 
041 0 |a eng 
044 |a xxu 
100 1 |a Joe, Harry  |4 aut 
245 1 |a Multivariate models and dependence concepts 
260 |a Boca Raton :  |b Chapman & Hall/CRC,  |c 2001 
300 |a 18,399 s 
996 |c V*51799/O-23192  |l VV11  |s P  |a 0  |w stu276683_0001